| 000 | 01195nam a22002777a 4500 | ||
|---|---|---|---|
| 005 | 20240530110357.0 | ||
| 008 | 150113s2010 ua g b 000 0 ara d | ||
| 017 |
_a2010/1987 _bمصر . دار الكتب المصرية |
||
| 020 | _a9789773133585 | ||
| 040 | _aEG-CaGPL | ||
| 041 | 0 | _aara | |
| 082 | 0 | 4 |
_221 _a370.9\ _bس ت |
| 100 | 0 | _aسامى محمد نصار | |
| 245 | 1 | 0 |
_aتاريخ التعليم : _bثورة صامتة مستمرة من فجر الحضارة الى ما بعد الحداثة / _cسامى محمد نصار ، نادية جمال الدين ، دينا حسن عبدالشافى |
| 250 | _aط 1 | ||
| 260 |
_aالقاهرة : _bمركز المحروسة للنشر ، _c2010 |
||
| 300 |
_a288 ص ؛ _c24 سم |
||
| 504 | _aببليوجرافية : ص 282 - 288 | ||
| 650 | 0 | 4 |
_aالتعليم _xما بعد الحداثة |
| 650 | 0 | 4 |
_aالتعليم _xتاريخ _zمصر _yعصر محمد على |
| 650 | 0 | 4 |
_aالتعليم _xتاريخ _zمصر |
| 700 | 0 |
_aنادية جمال الدين _eمؤلف مشارك |
|
| 700 | 0 |
_aدينا حسن عبدالشافى _eمؤلف مشارك |
|
| 942 |
_2ddc _cBK |
||
| 999 |
_c60187 _d60187 |
||